| 000 | 00569nam a2200193 a 4500 | ||
|---|---|---|---|
| 001 | 000040286 | ||
| 005 | 20201002034031.0 | ||
| 008 | 130821s2006 sp 000 0 spa d | ||
| 020 | _a8434852861 | ||
| 040 |
_aDO-SdBNP _bspa _cBNPHU |
||
| 100 | 1 |
_aSierra i Fabra, Jordi _966564 |
|
| 245 | 1 | 0 |
_aCampos de fresas / _cJordi Sierra i Fabra. |
| 250 | _a26a ed. | ||
| 260 |
_aMadrid : _bEdiciones SM, _c2006. |
||
| 300 |
_a143 p. ; _c22 cm. |
||
| 490 | 1 | _aGran Angular | |
| 500 | _aIncluye datos biográficos del autor en la contracubierta | ||
| 830 | 0 |
_aGran Angular _926464 |
|
| 999 |
_c39776 _d39776 |
||